000 00247nam a2200109Ia 4500
005 20251222114406.0
008 251222s1900||||xx |||||||||||||| ||spa||
082 _aDVD0099/O64/2006.
245 0 _aNazca y Chachapoyas
264 _bPerĂº
942 _cDVD
999 _c1838
_d1838